| 000 | 01489cam a2200349 a 4500 | ||
|---|---|---|---|
| 999 |
_c14867 _d14867 |
||
| 001 | 14590354 | ||
| 005 | 20170928141830.0 | ||
| 008 | 061011s2006 nyua 001 0 eng | ||
| 010 | _a 2006284445 | ||
| 020 | _a0071456872 (pbk.) | ||
| 040 |
_aDLC _cDLC _dDLC |
||
| 050 | 0 | 0 |
_aQA371.32 _b.B76 2006 |
| 082 | 0 | 0 |
_a515/.35 _222 _bBRO/DI |
| 100 | 1 |
_aBronson, Richard. _92119 |
|
| 245 | 1 | 0 |
_aSchaum's outlines of differential equations / _cRichard Bronson, Gabriel B. Costa. |
| 246 | 3 | 0 | _aDifferential equations |
| 250 | _a3rd ed. | ||
| 260 |
_aNew York : _bMcGraw-Hill, _cc2006. |
||
| 300 |
_axiv, 385 p. : _bill. ; _c28 cm. |
||
| 490 | 0 | _aSchaum's outline series | |
| 500 | _aRev. ed. of: Schaum's outline of theory and problems of differential equations. c1994. | ||
| 500 | _aIncludes index. | ||
| 650 | 0 |
_aDifferential equations _vOutlines, syllabi, etc. _92120 |
|
| 650 | 0 |
_aDifferential equations _vProblems, exercises, etc. _92121 |
|
| 700 | 1 |
_aCosta, Gabriel B. _92122 |
|
| 700 | 1 |
_aBronson, Richard. _tSchaum's outline of theory and problems of differential equations. _92123 |
|
| 856 | 4 | 2 |
_3Contributor biographical information _uhttp://www.loc.gov/catdir/enhancements/fy0703/2006284445-b.html |
| 856 | 4 | 2 |
_3Publisher description _uhttp://www.loc.gov/catdir/enhancements/fy0703/2006284445-d.html |
| 906 |
_a7 _bcbc _corigcop _d2 _encip _f20 _gy-gencatlg |
||
| 942 |
_2ddc _cBK |
||